000 00407nam a2200157Ia 4500
008 090123s9999 xx 000 0 und d
082 _b287
100 _aनंदा गुलशन
245 _aनीलकमल
250 _a0
600 _aनंदा गुलशन
630 _aनीलकमल
700 _aनंदा गुलशन
730 _aनीलकमल
942 _cBOOK
999 _c38375
_d38375